Normal view MARC view
  • Supervisor:Dr. Sheeba Murad

Entry Personal Name

Number of records used in: 3

001 - CONTROL NUMBER

  • control field: 123934

003 - CONTROL NUMBER IDENTIFIER

  • control field: NUST

005 - DATE AND TIME OF LATEST TRANSACTION

  • control field: 20240701150600.0

008 - FIXED-LENGTH DATA ELEMENTS

  • fixed length control field: 240701|| aca||aabn | a|a d

040 ## - CATALOGING SOURCE

  • Original cataloging agency: NUST
  • Transcribing agency: NUST

100 ## - HEADING--PERSONAL NAME

  • Personal name: Supervisor:Dr. Sheeba Murad

670 ## - SOURCE DATA FOUND

  • Source citation: Work cat.: (NUST)527990: Asghar, Kashif 19495, Immunoregulatory effects of Indoleamine 2,3-dioxygenase in Primary Biliary Cirrhosis & Hepatitis C Virus-induced Liver Cirrhosis /, 2015.
© 2023 Central Library, National University of Sciences and Technology. All Rights Reserved.